Sri Lanka, the Invention of Enmity, Series on Religion, Nationalism & Intol (Record no. 6411)
[ view plain ]
| 000 -LEADER | |
|---|---|
| fixed length control field | 00799nam a2200277 a 4500 |
| 020 ## - INTERNATIONAL STANDARD BOOK NUMBER | |
| ISBN | 1878379 |
| 082 00 - DEWEY DECIMAL CLASSIFICATION NUMBER | |
| Classification number | 954.9303 |
| Author Cutter | LIT |
| 100 ## - MAIN ENTRY--AUTHOR NAME | |
| Author name | Little, David |
| 245 ## - TITLE STATEMENT | |
| Title | Sri Lanka, the Invention of Enmity, Series on Religion, Nationalism & Intol |
| 260 ## - PUBLICATION, DISTRIBUTION, ETC. (IMPRINT) | |
| Place of publication | Washington |
| Name of publisher | United States Inst. of Peace |
| Year of publication | 1994 |
| 300 ## - PHYSICAL DESCRIPTION | |
| Number of Pages | 175p |
| 500 ## - GENERAL NOTE | |
| General note | includes index and biblioraphy |
| 505 2# - FORMATTED CONTENTS NOTE | |
| Formatted contents note | Appendix, Index |
| 650 ## - SUBJECT ADDED ENTRY--TOPICAL TERM | |
| Topical Term | Sri Lanka-Politics and Government |
| 650 ## - SUBJECT ADDED ENTRY--TOPICAL TERM | |
| Topical Term | Sri Lanka-Ethnic Relations |
| 650 ## - SUBJECT ADDED ENTRY--TOPICAL TERM | |
| Topical Term | Tamils-Sri Lanka |
| 650 ## - SUBJECT ADDED ENTRY--TOPICAL TERM | |
| Topical Term | Buddhism and Politics-Sri Lanka |
| 942 ## - ADDED ENTRY ELEMENTS (KOHA) | |
| Koha item type | Books |
| 700 1# - | |
| -- | Little, David |
| Collection code | Home library | Current library | Date acquired | Cost, normal purchase price | Full call number | Accession Number | Koha item type |
|---|---|---|---|---|---|---|---|
| Henry Martyn Institute Library | Henry Martyn Institute Library | 09/01/2008 | 100.00 | 954.9303 LIT | 014734 | Books |
